Normal view
MARC view
- الحاسبات الالكترونية -المنطق الرمزي والرياضي
Entry Topical Term
001 - CONTROL NUMBER
- control field: 9013
003 - CONTROL NUMBER IDENTIFIER
- control field: JO-AjAnu
005 - DATE AND TIME OF LATEST TRANSACTION
- control field: 20230606071742.0
008 - FIXED-LENGTH DATA ELEMENTS
- fixed length control field: 230606|| aca||aabn | a|a d
040 ## - CATALOGING SOURCE
- Original cataloging agency: JO-AjAnu
- Transcribing agency: JO-AjAnu
150 ## - HEADING--TOPICAL TERM
- Topical term or geographic name entry element: الحاسبات الالكترونية -المنطق الرمزي والرياضي
670 ## - SOURCE DATA FOUND
- Source citation: Work cat.: (JO-AjAnu)4650: بارون، روبرت / ترجمة عبد رضا الفائز ؛ مراجعة داخل حسن جريو, author 9012, المنطق الرقمي وعمل الحاسبة الالكترونية